| 000 | 00403 a2200157 4500 | ||
|---|---|---|---|
| 005 | 20250625092022.0 | ||
| 020 | _a9780072827828 | ||
| 082 | _a519.5 BOW | ||
| 100 | _aBOWERMAN,B.L. | ||
| 245 | _aEssentials of Business Statistics. | ||
| 250 | _a2nd Ed. | ||
| 260 |
_aNew York _bMc Graw Hill, _c2004 |
||
| 300 |
_axi,618p.:picture _bIndex _c27cm. |
||
| 700 | _aO'CONNELL, R. & ORRIS, J. | ||
| 942 |
_2ddc _cBKS |
||
| 999 |
_c4970 _d4970 |
||